[Event "FRA-chT3"]
[Site "France"]
[Date "2011.11.13"]
[Round "2"]
[White "Lassalle, Arnaud"]
[Black "Vedovotto, Nicolas"]
[Result "1/2-1/2"]
[WhiteElo "2063"]
[BlackElo "2070"]
[PlyCount "62"]
[EventDate "2012.01.20"]
[EventType "team-match"]
[EventRounds "9"]
[EventCountry "FRA"]
[SourceTitle "EXT 2014"]
[Source "ChessBase"]
[SourceDate "2013.11.20"]
[SourceVersion "1"]
[SourceVersionDate "2013.11.20"]
[SourceQuality "1"]

1. e4 Nc6 2. d4 e5 3. Nf3 exd4 4. Bc4 Nf6 5. 0-0 Nxe4 6. Re1 d5 7. Bxd5 Qxd5 8. Nc3 Qh5 9. Nxe4 Be6 10. Nxd4 Qxd1 11. Rxd1 0-0-0 12. Be3 Nxd4 13. Bxd4 Bf5 14. Ng5 Bg6 15. c3 c5 16. Be3 Be7 17. f3 Rxd1+ 18. Rxd1 Rd8 19. Rxd8+ Kxd8 20. Kf2 Kd7 21. Ke2 Kc6 22. Nh3 f6 23. Nf4 Bf7 24. b3 Bd6 25. c4 b6 26. h3 a6 27. Kd2 h6 28. Kc3 Be5+ 29. Kd2 g5 30. Nd3 Bd6 31. g4 Bg6 1/2-1/2

[Event "FRA-chT4 0506"]
[Site "France"]
[Date "2006.02.05"]
[Round "5"]
[White "Moschietto, Alain"]
[Black "Lassalle, Arnaud"]
[Result "0-1"]
[WhiteElo "1850"]
[BlackElo "1990"]
[PlyCount "76"]
[EventDate "2005.10.02"]
[EventType "team"]
[EventRounds "9"]
[EventCountry "FRA"]
[SourceTitle "EXT 2007"]
[Source "ChessBase"]
[SourceDate "2006.11.23"]
[SourceVersion "1"]
[SourceVersionDate "2006.11.23"]
[SourceQuality "1"]

1. d4 d5 2. Nf3 Nf6 3. Nc3 Bf5 4. Bf4 c6 5. e3 e6 6. Bd3 Bxd3 7. Qxd3 Nbd7 8. 0-0 Be7 9. Ne2 0-0 10. b3 Ne4 11. Ne5 Nxe5 12. Bxe5 Bd6 13. Bxd6 Qxd6 14. f3 Nf6 15. c4 e5 16. e4 dxe4 17. fxe4 exd4 18. Qxd4 Qxd4+ 19. Nxd4 Nxe4 20. Rfe1 Rfe8 21. Nf3 Rad8 22. Re3 f5 23. Rae1 Kf7 24. Nh4 g6 25. g4 Kf6 26. gxf5 gxf5 27. Rf1 Rg8+ 28. Kh1 Rd1 29. Ref3 Rxf1+ 30. Rxf1 Rg5 31. Nf3 Rg4 32. Ne1 Ke5 33. Nc2 Rf4 34. Re1 Rf2 35. Nb4 Kd4 36. Rc1 a5 37. Nc2+ Kd3 38. Na1 Rxa2 0-1

[Event "FRA-chT4 0506"]
[Site "France"]
[Date "2005.10.16"]
[Round "1"]
[White "Groshenny, Claude"]
[Black "Lassalle, Arnaud"]
[Result "1/2-1/2"]
[WhiteElo "210"]
[BlackElo "1980"]
[PlyCount "41"]
[EventDate "2005.10.02"]
[EventType "team"]
[EventRounds "9"]
[EventCountry "FRA"]
[SourceTitle "EXT 2007"]
[Source "ChessBase"]
[SourceDate "2006.11.23"]
[SourceVersion "1"]
[SourceVersionDate "2006.11.23"]
[SourceQuality "1"]

1. d4 d5 2. c4 c6 3. Nc3 Nf6 4. Nf3 a6 5. a4 e6 6. e3 a5 7. Bd3 Na6 8. cxd5 exd5 9. Bxa6 Rxa6 10. Qd3 Bd6 11. 0-0 0-0 12. b3 Qe7 13. Bb2 Ne4 14. Ne2 Bf5 15. Qd1 Re8 16. Ng3 Bg4 17. Qd3 Bxf3 18. gxf3 Nxg3 19. hxg3 Qg5 20. Kg2 Qg6 21. Qxg6 1/2-1/2

[Event "Ardennes-ch 0102"]
[Site "Ardennes"]
[Date "2001.??.??"]
[Round "?"]
[White "Lassalle, Arnaud"]
[Black "Noizet, Regis"]
[Result "1-0"]
[WhiteElo "2000"]
[BlackElo "1690"]
[PlyCount "65"]
[EventDate "2001.??.??"]
[EventType "swiss"]
[EventRounds "9"]
[EventCountry "FRA"]
[SourceTitle "EXT 2008"]
[Source "ChessBase"]
[SourceDate "2007.11.25"]
[SourceVersion "1"]
[SourceVersionDate "2007.11.25"]
[SourceQuality "1"]

1. e4 d6 2. d4 Nf6 3. Nc3 g6 4. Bg5 Bg7 5. Qd2 Nc6 6. f4 Nd7 7. Nf3 Nb6 8. h3 a5 9. Bb5 Bd7 10. 0-0 0-0 11. Rae1 Qc8 12. Bxc6 bxc6 13. Bxe7 Re8 14. Bg5 Nc4 15. Qe2 Nxb2 16. Qf2 c5 17. Nd5 Kf8 18. dxc5 Bb5 19. Nf6 Re6 20. Nxh7+ Kg8 21. Qh4 Bxf1 22. Nf6+ Kf8 23. Rxf1 Na4 24. Nd4 Nxc5 25. Nxe6+ Nxe6 26. Bh6 Qd8 27. e5 dxe5 28. Bxg7+ Kxg7 29. fxe5 Rb8 30. Qh7+ Kf8 31. Qg8+ Ke7 32. Nd5+ Qxd5 33. Rxf7# 1-0